"Je" de société : Sociologie de l'identité individuelle (notice n° 2198468)
[ vue normale ]
| 000 -LEADER | |
|---|---|
| fixed length control field | 01526cam a2200133 4500500 |
| 005 - DATE AND TIME OF LATEST TRANSACTION | |
| control field | 20260405085543.0 |
| 041 ## - LANGUAGE CODE | |
| Language code of text/sound track or separate title | fre |
| 042 ## - AUTHENTICATION CODE | |
| Authentication code | dc |
| 100 10 - MAIN ENTRY--PERSONAL NAME | |
| Personal name | Boussard, Valérie |
| Relator term | author |
| 245 00 - TITLE STATEMENT | |
| Title | "Je" de société : Sociologie de l'identité individuelle |
| 260 ## - PUBLICATION, DISTRIBUTION, ETC. | |
| Name of publisher, distributor, etc. | Armand Colin,<br/> |
| Date of publication, distribution, etc. | 2021.<br/> |
| 520 ## - SUMMARY, ETC. | |
| Summary, etc. | Cet ouvrage présente les questions posées par les relations entre l’individu et la société, à partir d’un objet particulier : l’identité individuelle. Il s’agit de montrer comment l’identité individuelle ne peut se penser en dehors de différents processus sociaux qui cadrent la façon dont les individus peuvent se définir et se présenter aux autres. Les individus ne sont-ils pas le produit des sociétés auxquelles ils appartiennent, au point que ce que l’on considère comme individuel serait avant tout social ? Dire « je » serait-il pas dire « nous » ? Pour le démontrer, l’ouvrage analyse cinq dimensions de la présentation de soi en société : le nom, le corps, le sexe, la langue et la profession. Il montre que ce qui paraît comme le plus singulier, le plus spécifique, voire le plus naturel et spontané de l’identité individuelle, est à comprendre comme le produit de différents cadrages ou encadrements sociaux. Par ailleurs, il souligne les jeux qui restent possibles à l’individu pour négocier son identité et la faire valoir socialement. |
| 856 41 - ELECTRONIC LOCATION AND ACCESS | |
| Uniform Resource Identifier | <a href="https://shs.cairn.info/je-de-societe--9782200631901?lang=fr&redirect-ssocas=7080">https://shs.cairn.info/je-de-societe--9782200631901?lang=fr&redirect-ssocas=7080</a> |
Pas d'exemplaire disponible.




Réseaux sociaux